| 000 | 01257nam0a22003011 4500 | ||
|---|---|---|---|
| 001 | rc\2772587 | ||
| 005 | 20250806201236.0 | ||
| 035 | _a(NLR Aleph) 006898942 | ||
| 090 |
_a16492 _c16492 |
||
| 100 | _a20110915d1941 u y0rusy50 ca | ||
| 101 | 0 | _arus | |
| 102 | _aRU | ||
| 105 | _ay z ||||| | ||
| 200 | 1 |
_aАрбитраж в советском хозяйстве _eСб. важнейших постановлений и распоряжений _eС вводной статьей "Арбитраж и арбитражное рассмотрение споров" _fСост. В. Н. Можейко и З. И. Шкундин |
|
| 205 | _a3-е изд. | ||
| 210 |
_aМосква _cЮриздат _d1941 |
||
| 215 |
_a368 с. _d22 см. |
||
| 300 | _aНа переплете составители не указаны | ||
| 320 | _aАлф.-предм. указатель: с. 346-65 | ||
| 700 | 1 |
_aМожейко _bВ.Н. _gВсеволод Николаевич |
|
| 701 | 1 |
_aШкундин _bЗ.И. _gЗиновий Исаакович |
|
| 801 | 0 |
_aRU _bNLR _gpsbo |
|
| 801 | 1 |
_aRU _bELAR _2rusmarc |
|
| 852 |
_aNLR _jП60 Г-5/1 |
||
| 942 | _cBOOK | ||
| 945 | _aРоссийская национальная библиотека | ||
| 980 | _aNB | ||
| 980 | _aBV | ||